1745 1461 1398 1233 1340 1818 1253 1529 1726 1952 1222 1764 1668 1602 1327 1813 1142 1218 1262 1160 1432 1664 1434 1751 1934 1505 1966 1514 1333 1991 1274 1733 1077 1958 1403 1943 1096 1520 1800 1691 1975 1890 1464 1573 1519 1458 1365 1210 1142 1782 1286 1380 1330 1913 1172 1864 1800 1086 1155 1062 1221 1468 1712 1029 1847 1400 1536 1515 1681 1997 1031 2000 1612 1095 1746 1443 1679 1555 1590 1244 1397 1569 1424 1800 1511 1958 1657 1374 1044 1036 1627 1758 1391 1696 1898 1418 1585 1227 1071 BCNSPRNW ULIB Ver.6.0+V

เปลี่ยนเป็นภาษาไทย

Change to English
 แสดงรายละเอียดบรรณานุกรม
  กลับหน้าหลัก

Brief Record : Get Marc (ISO 2709) : E-mail record : QR code < ปิดหน้าต่าง
LEADER : 00000nam 2200000uu 4500
001    13399127119
003     ULIB
008    191016s2017||||th 000 0 tha d
020    ^a9781316640050 (pbk.)
050  4 ^aPE1128^bM664
245 00 ^aMindset for IELTS :^ban official Cambridge IELTS course.^nStudent s book 1 /^cGreg Archer ... [et al.]
246 30 ^aCambridge English.^pMindset for IELTS :^ban officialCambridge IELTS course.^nStudent s book 1
250    ^a1st ed.
260    ^a[Cambridge] :^bCambridge University Press,^c2017
300    ^a189 p. :^bcol. ill. ;^c28 cm.
650  0 ^aEnglish language^vTextbooks for foreign speakers
650  0 ^aEnglish language^vExaminations, questions, etc.
650  0 ^aEnglish language^xExaminations
650  0 ^aInternational English Language Testing System
653    ^aIELTS
700 1  ^aArcher, Greg
945    ^p849^l0^i006309
999    ^aประนอม เกษจรัล
รายการนี้ยังไม่มีแท็ก
คุณยังไม่ได้ล็อกอิน คุณสามารถมีกิจกรรมร่วมกับเว็บไซต์ได้ แต่ต้องล็อกอินก่อน ::
  ล็อกอิน

รายการสื่อสารสนเทศ

ลำดับที่ ประเภท เลขเรียก/บาร์โค้ด สถานที่ สถานะ
1. การศึกษาทั่วไป
การศึกษาทั่วไป
PE1128 M664 ฉ.1 
  Barcode: 006309
ห้องสมุดวิทยาเขตสวรรค์ประชารักษ์
►หนังสือทั่วไป
บนชั้น

รายการใกล้เคียง
    หัวเรื่อง [International English Language Testing System]

BibComment


ยังไม่เคยถูกคอมเมนท์

คอมเมนท์ทรัพยากรรายการนี้
  คอมเมนท์: Mindset for IELT..


 Copyright 2026. Bcnsprnw @Library